MDQL
is popping MORE tags! Check the
thread
!
Quizzes
Events
Quiz Creation
Community
Videos
Private Events
Remove Ads
Sign In
Join for FREE
Feedback
Dark Mode
Quiz Categories
Sports
Geography
Music
Movies
Television
Just For Fun
Miscellaneous
History
Literature
Language
Science
Gaming
Entertainment
Religion
Holiday
For Kids
Quiz Lab
Recent
Popular Today
Quiz Kudos Today
Editor Picks
Curator Picks
Quizzes by...
Day
Popularity
Type
Ratings
Length
Year
Community
Subscriptions
Recent Discussions
Orange Saloon
Badges
Playlists
Quests
Create
Leaderboards
Showdown
Live 5
Trivia Bingo
Activity
Puzzle Library
Sporcle Events
Private Events
Virtual Trivia
Globe League
Become a Host
Pub Owners
SporcleCon
Opinionation
Our Games
Videos
Blog
Mobile Apps
Partnerships
Remove Ads and Go Orange
Feedback
Sports
Athletes
MLB
NBA
NHL
NFL
Soccer
Sports Teams
WWE
NCAA
Football
Premier League
Basketball
Baseball
Hockey
Golf
Tennis
Cricket
Rugby
Auto Racing
Olympics
World Cup
Sports
Athletes
MLB
NBA
NHL
NFL
Soccer
Sports Teams
WWE
NCAA
Football
Premier League
Basketball
Baseball
Hockey
Golf
Tennis
Cricket
Rugby
Auto Racing
Olympics
World Cup
Random Quiz
Search Sporcle
×
Quiz Lab
Quiz Lab
Sports
champ
Type in answers that appear in a list
Type in answers that appear in a list
Classic
Best Score? Go Orange.
IBF Champs (SupermiddletoLIghtmiddle) Stats
Can you name the IBF Boxing Champs (SupermiddletoLIghtmiddle)?
By
stanitheoracle
20m
59 Questions
46 Plays
46 Plays
46 Plays
Comments
Comments
Give Quiz Kudos
Give Quiz Kudos
-
- Ratings
hide this ad
Replay
Link that replays current quiz
Next Quiz
Link to next quiz in quiz playlist
You Got
0%
They Got
Avg Score
46%
Avg Friend Score
Upgrade to see
Score Distribution
Jump to the score distribution portion of the page
Score
0/59
Timer
20:00
0
Plays Today
Hint
Answer
% Correct
Great Britain
Carl Froch
89.1%
Kazakhstan
Gennady Golovkin
89.1%
Great Britain
Joe Calzaghe
84.8%
Puerto Rico
Felix Trinidad
80.4%
Germany
Felix Sturm
78.3%
USA
Bernard Hopkins
78.3%
USA
James Toney
76.1%
USA
James Toney
76.1%
Great Britain
James Degale
73.9%
USA
Jeff Lacy
69.6%
USA
Iran Barkley
69.6%
USA
Jermain Taylor
69.6%
Armenia
Arthur Abraham
69.6%
USA
Jermain Taylor
69.6%
USA
Roy Jones Jr
65.2%
USA
Roy Jones Jr
65.2%
USA
Michael Nunn
65.2%
USA
Marvin Hagler
60.9%
USA
Terry Norris
60.9%
Germany
Sven Ottke
58.7%
USA
Ronald Wright
54.3%
Canada
Lucian Bute
52.2%
USA
Cory Spinks
52.2%
USA
Cory Spinks
52.2%
USA
Ishe Smith
50%
Australia
Daniel Geale
47.8%
USA
Frank Tate
47.8%
USA
Raul Marquez
47.8%
USA
Jermall Charlo
45.7%
Great Britain
Darren Barker
43.5%
Hint
Answer
% Correct
USA
Charles Brewer
37%
USA
Lindell Holmes
37%
Mexico
Carlos Molina
37%
Uganda
Kassim Ouma
34.8%
Mexico
Luis Ramon Campas
34.8%
Australia
Sam Soliman
32.6%
USA
Cornelius Bundrage
32.6%
USA
Cornelius Bundrage
32.6%
USA
Darrin Van Horn
30.4%
Canada
David Lemieux
30.4%
Germany
Sebastien Sylvester
30.4%
USA
Darrin Van Horn
30.4%
USA
Jarrett Hurd
28.3%
USA
Verno Phillips
28.3%
USA
Verno Phillips
28.3%
Canada
Matthew Hilton
28.3%
Great Britain
Murray Sutherland
26.1%
Russia
Roman Karmazin
26.1%
USA
Paul Vaden
26.1%
Colombia
Alejandro Berrio
23.9%
Germany
Graciano Rocchigiani
23.9%
South Korea
Chong Pal Park
23.9%
USA
Vincent Pettway
23.9%
Puerto Rico
Carlos Santos
23.9%
USA
Mark Medal
21.7%
USA
Robert Hines
19.6%
USA
Buster Drayton
19.6%
Italy
Gianfranco Rosi
17.4%
USA
Fernando Vargos
15.2%
Quiz Playlist
Details
Report
Send in Message
Add To Playlist
Classic:
Type in answers that appear in a list
Last Updated: Sep 4, 2017
Quiz Scoreboard
CHALLENGE
Sign Up to Join the Scoreboard
Show All
Scores
Hide
Comments
May contain spoilers
Recently Published
Colored Red Africa Blitz
by spor1
Geography
30s
Find the 'City' Movie
by crazypaving
Movies
60s
5x2 Blitz: Bands
by SL_Kpop136
Music
30s
More to Explore
Quiz From the Vault
Featured Blog Post
14 Easter Pick-up Lines to Find Eggs With
hide this ad
You Might Also Like...
Tags
Boxing
champ
Today's Top Quizzes in Sports
Browse Sports
hide this ad
Today's Top Quizzes in champ
Browse champ
Top Contributed Quizzes in Sports
1
Les entraîneurs de l'OM et du PSG au 21e siècle
2
Les meilleurs buteurs des matchs entre le PSG et l’OM
3
Players with Multiple 50 Home Run Seasons
4
2022 World Cup Stars
5
Les joueurs passés par le PSG et l'OM
6
NBA Logic Puzzle 2.0
7
Criteria MLB: Left Handed Sluggers
8
MLB Players with Two .350 Batting Average Seasons
9
Top 10 NHL Goal Scorers of All Time
10
Who Hit More Homers?
Explore More
Trending Topics
Marvel
Anime
NBA
Kpop
Crossword
Harry Potter
Disney
NFL
Soccer
Puzzle
The Office
Country
Song
WWE
Pokémon
hide this ad
More By:
stanitheoracle
Quiz
Plays
Rating
Category
Featured
Created
WBC Champs (HeavytoLightHeavy)
200
Sports
Aug 25, 2017
WBC Champs (SupermiddletoLightmiddle)
104
Sports
Aug 30, 2017
IBF Champs (HeavytoLightheavy)
101
Sports
Sep 4, 2017
WBC Champs (WeltertoLightweight)
53
Sports
Sep 3, 2017
IBF Champs (SupermiddletoLIghtmiddle)
46
Sports
Sep 4, 2017
Go to Creator's Profile
Score Distribution
Quiz Creator Spotlight
stanitheoracle
Follow
Send a Message
Quizzes Created
-
Created Quiz Play Count
-
More By This Creator
Popular Quizzes Today
1
Colored Red Africa Blitz
2
Find the 'City' Movie
3
5x2 Blitz: Bands
4
Find the US States - No Outlines Minefield
5
The Countries of the World
6
Find the US States
7
US States
8
Find the Countries of Europe - No Outlines Minefield
More Sports Quizzes
MLB - Players who played 162 Games in a Season
Editor's Pick
Trending Quizzes
Colored Red Europe Blitz I
Colored Red Africa Blitz II
Colored Red Europe Blitz II
Colored Red Africa Blitz III
Colored Red Europe Blitz III
Recently Updated
How Do You Spell That?
pecheneg
Godzilla Movies
pecheneg
Grab Bag: 4-10 Letters
pecheneg
2024 March Madness Bracket
pecheneg
Famous TV Couples
Peacemaker
Champions League XIs: Real Madrid
pecheneg
Largest US Cities 1790-2010
pecheneg
Rides in Walt Disney World
pecheneg
Most Oscar Losses (Acting)
pecheneg
Beyoncé Albums
pecheneg
Trending Topics
Crossword
Disney
Harry Potter
Kpop
Anime
NBA
Marvel
NFL
Song
Soccer
WWE
The Office
Puzzle
Country
Pokémon
Your Account Isn't Verified!
In order to create a playlist on Sporcle, you need to verify the email address you used during registration. Go to your
Sporcle Settings
to finish the process.
Report this User
Report this user for behavior that violates our
Community Guidelines
.
Details:
Send Report
Go to the Sporcle.com Mobile Site →
Comments